Random US city to state - Statistics

General Stats
  • This quiz has been taken 33 times
  • The average score is 40 of 50
Answer Stats
City State % Correct
Dover Delaware
92%
Hilo Hawaii
92%
Abilene Texas
92%
Burlington Vermont
92%
Fairbanks Alaska
88%
Yuma Arizona
88%
Bangor Maine
88%
Pawtucket Rhode Island
88%
Myrtle Beach South Carolina
88%
Lynchburg Virginia
88%
Pueblo Colorado
84%
Champaign Illinois
84%
South Bend Indiana
84%
Davenport Iowa
84%
Bowling Green Kentucky
84%
Kalamazoo Michigan
84%
St. Cloud Minnesota
84%
Hattiesburg Mississippi
84%
Utica New York
84%
Asheville North Carolina
84%
Dayton Ohio
84%
York Pennsylvania
84%
Chattanooga Tennessee
84%
Yakima Washington
84%
Eau Claire Wisconsin
84%
Stamford Connecticut
80%
Lowell Massachusetts
80%
Joplin Missouri
80%
Nashua New Hampshire
80%
Princeton New Jersey
80%
Broken Arrow Oklahoma
80%
Cody Wyoming
80%
Jonesboro Arkansas
76%
Redding California
76%
Elko Nevada
76%
Grand Forks North Dakota
76%
Huntington West Virginia
76%
Rexburg Idaho
72%
Slidell Louisiana
72%
Kalispell Montana
72%
Farmington New Mexico
72%
Corvallis Oregon
72%
Dothan Alabama
68%
Destin Florida
68%
Hays Kansas
68%
Grand Island Nebraska
68%
Aberdeen South Dakota
68%
Lehi Utah
68%
Ellicott City Maryland
60%
Dalton Georgia
56%
No matching quizzes found
Score Distribution
Percent of People with Each Score
Percentile by Number Answered
Your Score History
You have not taken this quiz